Mathematical methods in chemical engineering (Record no. 25039)

000 -LEADER
fixed length control field 00548nam a22002051 4500
001 - CONTROL NUMBER
control field 25039
003 - CONTROL NUMBER IDENTIFIER
control field BD-DhUET
008 - FIXED-LENGTH DATA ELEMENTS--GENERAL INFORMATION
fixed length control field 730313s1963 xx 000 0 eng
040 ## - CATALOGING SOURCE
Original cataloging agency DLC
Transcribing agency OClU
Modifying agency BD-DhUET
082 ## - DEWEY DECIMAL CLASSIFICATION NUMBER
Classification number 660.28
Item number JEN/1963
100 ## - MAIN ENTRY--PERSONAL NAME
Personal name Jenson, V. G.
245 10 - TITLE STATEMENT
Title Mathematical methods in chemical engineering
250 ## - EDITION STATEMENT
Edition statement 1st ed.
260 ## - PUBLICATION, DISTRIBUTION, ETC. (IMPRINT)
Place of publication, distribution, etc. London
Name of publisher, distributor, etc. Academic Press
Date of publication, distribution, etc. 1963
300 ## - PHYSICAL DESCRIPTION
Extent xi, 556 p.
Other physical details illus.
Dimensions 24cm.
504 ## - BIBLIOGRAPHY, ETC. NOTE
Bibliography, etc Includes bibliographies
650 #0 - SUBJECT ADDED ENTRY--TOPICAL TERM
Topical term or geographic name as entry element Chemical engineering
700 ## - ADDED ENTRY--PERSONAL NAME
Personal name Jeffreys, G. V.
942 ## - ADDED ENTRY ELEMENTS (KOHA)
Koha item type General Book
Holdings
Location (home branch) Date acquired Shelving location Koha item type Koha normalized classification for sorting Koha full call number Price effective from Withdrawn status Koha date last seen Lost status Sublocation or collection (holding branch) Source of classification or shelving scheme Piece designation (barcode) Damaged status Not for loan Copy number
Central Library, BUET2015-05-12Circulation sectionGeneral Book660_280000000000000_JEN_1963660.28/JEN/19632015-05-12 2015-05-12 Central Library, BUET 22438  1
Central Library, BUET2015-05-12Circulation sectionGeneral Book660_280000000000000_JEN_1963660.28/JEN/19632015-05-12 2015-05-12 Central Library, BUET 22440  2
Central Library, BUET2015-05-12Circulation sectionGeneral Book660_280000000000000_JEN_1963660.28/JEN/19632015-05-12 2015-05-12 Central Library, BUET 22434  3
Central Library, BUET2015-05-18Circulation sectionGeneral Book660_280000000000000_JEN_1963660.28/JEN/19632015-05-18 2015-05-18 Central Library, BUET 22432  4
Central Library, BUET2015-05-18Circulation sectionGeneral Book660_280000000000000_JEN_1963660.28/JEN/19632015-05-18 2015-05-18 Central Library, BUET 22435  5
Central Library, BUET2015-05-18Circulation sectionGeneral Book660_280000000000000_JEN_1963660.28/JEN/19632015-05-18 2015-05-18 Central Library, BUET 29450  6
Central Library, BUET2015-05-18Circulation sectionGeneral Book660_280000000000000_JEN_1963660.28/JEN/19632015-05-18 2015-05-18 Central Library, BUET 29449  7
Central Library, BUET2015-05-18Circulation sectionGeneral Book660_280000000000000_JEN_1963660.28/JEN/19632015-05-18 2015-05-18 Central Library, BUET 29448  8
Central Library, BUET2015-05-18Circulation sectionGeneral Book660_280000000000000_JEN_1963660.28/JEN/19632015-05-18 2015-05-18 Central Library, BUET 29457  9
Central Library, BUET2015-05-18Circulation sectionGeneral Book660_280000000000000_JEN_1963660.28/JEN/19632015-05-18 2015-05-18 Central Library, BUET 29454  10
Central Library, BUET2015-05-18Circulation sectionGeneral Book660_280000000000000_JEN_1963660.28/JEN/19632015-05-18 2015-05-18 Central Library, BUET 29453  11
Central Library, BUET2015-05-18Circulation sectionGeneral Book660_280000000000000_JEN_1963660.28/JEN/19632015-05-18 2015-05-18 Central Library, BUET 29451  12
Central Library, BUET2015-05-18Circulation sectionGeneral Book660_280000000000000_JEN_1963660.28/JEN/19632015-05-18 2015-05-18 Central Library, BUET 22431  13
Central Library, BUET2015-05-18Circulation sectionGeneral Book660_280000000000000_JEN_1963660.28/JEN/19632015-05-18 2015-05-18 Central Library, BUET 29452  14
Central Library, BUET2015-05-18Circulation sectionGeneral Book660_280000000000000_JEN_1963660.28/JEN/19632015-05-18 2015-05-18 Central Library, BUET 22436  15
Central Library, BUET2015-06-17Reading sectionReading Item660_280000000000000_JEN_1963660.28/JEN/19632015-06-17 2015-06-17 Central Library, BUET 29456  16
Central Library, BUET2015-06-18Reading sectionReading Item660_280000000000000_JEN_1963660.28/JEN/19632015-06-18 2015-06-18 Central Library, BUET 29455.  17
Central Library, BUET2015-07-10Reading sectionReading Item660_280000000000000_JEN_1963660.28/JEN/19632015-07-10 2015-07-10 Central Library, BUET 22439  18